| 000 | 00819nac a22001931u 4500 | ||
|---|---|---|---|
| 020 | _a8171792901 | ||
| 082 |
_a610.284 _bA7698 |
||
| 090 |
_c108 _d108 |
||
| 100 | _aArora, V.S. | ||
| 245 |
_aSynopsis of medical instruments and procedures/ _bV.S. Arora, Arun Yadav |
||
| 260 |
_aNew Delhi _bJaypee Brothers _c2003 |
||
| 650 | _aMedical instruments and apparatus | ||
| 650 |
_aMedical electronics _xEquipment and supplies |
||
| 650 | _aBiomedical engineering | ||
| 700 | _4Yadav, Arun | ||
| 942 |
_k610.284A7698 _cBB |
||
| 999 |
_c108 _d108 |
||